Raíces. Semblanza de Don Francisco J. Orlich B. /
Guardado en:
| Autor principal: | |
|---|---|
| Autor Corporativo: | |
| Otros Autores: | |
| Formato: | Texto |
| Publicado: |
San José:
Litografía Morales. Raíces PLN
|
| Etiquetas: |
Agregar Etiqueta
Sin Etiquetas, Sea el primero en etiquetar este registro!
|
MARC
| LEADER | 00000 a a2200000 04500 | ||
|---|---|---|---|
| 001 | 30502 | ||
| 003 | |||
| 040 | |||
| 020 | |a 9968-782-37-8 | ||
| 090 | |a 195100 | ||
| 100 | |a Vicente, Carlos Manuel | ||
| 110 | |a Partido Liberación Nacional | ||
| 245 | |a Raíces. Semblanza de Don Francisco J. Orlich B. / |c Carlos Manuel Vicente | ||
| 260 | |a San José: |b Litografía Morales. Raíces PLN | ||
| 300 | |a 160 p. |b il. | ||
| 700 | |a Obregón, Clotilde | ||
| 999 | |c 2526 |d 2526 | ||



